| 000 | 02538nam a2200409 i 4500 | ||
|---|---|---|---|
| 001 | 194229 | ||
| 003 | SpMaBN | ||
| 005 | 20250708194638.0 | ||
| 007 | ta | ||
| 008 | 240418s2023 sp | |||| 000 f spa | ||
| 017 |
_aM 28181-2022 _bOficina Depósito Legal Madrid |
||
| 020 | _a9788419243195 | ||
| 035 | _aa7412022 | ||
| 040 |
_aSpMaBN _bspa _cSpMaBN _erda _dES-MaACL |
||
| 080 | _a821.134.2-31"20" | ||
| 100 | 1 |
_aValvanera, María de, _d1977- _9235887 _eaut |
|
| 245 | 1 | 0 |
_aMujeres que viajan en burro : _bun viaje de la España rural a la moderna California / _cMaría de Valvanera. |
| 250 | _aCuarta edición: febrero 2024. | ||
| 264 | 1 |
_a[Madrid] : _bTres Hermanas, _c[2023] |
|
| 264 | 4 | _c©2023 | |
| 300 |
_a199 páginas ; _c20 cm |
||
| 336 |
_aTexto _2rdacontent |
||
| 337 |
_asin mediación _2rdamedia |
||
| 338 |
_avolumen _2rdacarrier |
||
| 490 | 1 |
_aTierras de la nieve roja ; _v47 |
|
| 520 | _aTres generaciones de mujeres, dos continentes y un apasionante viaje lleno de historias y aventuras. Mayka está a punto de cumplir cuarenta años cuando emprende un viaje de España a California, con su marido Óscar y su hijo Leo. Poco a poco irán adentrándose en el American way of life y su «eterno verano», pero descubrirán que no es oro todo lo que reluce en el «estado dorado», ni en sus apacibles vidas. Para superar sus miedos, dudas y contradicciones, Mayka tendrá que reencontrarse con el pasado, revisar sus conflictos con la maternidad, reconciliarse consigo misma y recuperar su identidad. Se apoyará en los lugares y mujeres que han marcado su vida y en nuevos paisajes y amistades que influirán en su nueva forma de estar en el mundo. Un divertido y emotivo viaje en el espacio y en el tiempo, lleno de luces y sombras, culturas y contrastes, entre lo rural y lo cosmopolita, la tierra y el mar, las raíces y los sueños. | ||
| 650 | 0 |
_9226777 _aNovela española _yS.XX |
|
| 655 | 0 |
_aNovelas psicológicas _9233883 |
|
| 830 |
_aTierras de la nieve roja ; _9235888 _v47 |
||
| 852 |
_aES-MaACL _jN-9888 _cDEPOJ _gDedicatoria autógrafa de la autora _hDonación: María de Valvanera _9201769 _bR. 155102 _xEncuadernación rústica con solapas |
||
| 903 |
_9235887 _aValvanera, María de, _d1977- _ednr |
||
| 942 |
_n0 _cMONOGRAFIA |
||
| 999 |
_c194229 _d194229 |
||